=LDR 00000nam 2200000 4500 =001 INLIS000000000026469 =005 20201005102345 =035 ##$$a 0010-061300000026469 =008 201005################g##########0#ind## =041 ##$$a Ind =082 ##$$a 650 =090 ##$$a 650 =100 ##$$a Fearns, Peter =245 1#$$a Bisnis sukses suatu persiapan terpadu, : $b Suatu persiapan terpadu /$c Peter Fearns =260 ##$$a Jakarta :$b Abdi Tandur,$c 1997 =300 ##$$a 333 hlm, ; $c 15 x 21 cm =850 ##$$ac20 cm =020 ##$$a 979-8780-60-4 =084 ##$$a 650 FEA b =650 #4$$a Bisnis =504 ##$$a Bibliografi : hlm, 326-334 =990 ##$$a 109.000/Pb.97